000 00508nam a22001697a 4500
003 CEME
005 20210628203527.0
008 210317b xxu||||| |||| 00| 0 eng d
040 _c.
082 _a621.3815 DAT'T
100 _aTexas Instruments
_962936
245 _aData transmission circuits data book , line drivers receivers transmission uarts
260 _aUSA
_bTEXAS INSTRUMENTS
_c1993
300 _aV.P
650 _aDATA BOOK-DATA TRANSMISSION CIRCUITS LINEAR PRODUCTS
_966036
942 _cBK
_2ddc
999 _c574080
_d574080